000 00690nab a2200229u 4500
001 23245
003 HDC
007 c| |||a|c|aaaa
008 210316b20160922my ||||| |||| 00| 0 may d
040 _aHDC
245 0 _aProgram Ekonomi Tambahan
336 _atext
_2rdacontent
337 _acomputer
_2rdamedia
338 _aonline resource
_2rdacarrier
650 _aeconomy program
_919910
650 _aRISDA
_98681
710 _aUTUSAN MALAYSIA
856 _zRequest full-text at [email protected]
942 _2lcc
942 _cNEWS
942 _kNWSC 005111
999 _c20561
_d20561